| 000 | 00842nam a2200217 a 4500 | ||
|---|---|---|---|
| 001 | 000019340 | ||
| 005 | 20200929170004.0 | ||
| 008 | 100624s1960 sp 000 0 spa d | ||
| 040 |
_aDO-SdBNP _bspa _cBNPHU |
||
| 041 | 1 | 7 |
_aspa _hfre _2Código de idioma MARC |
| 082 |
_annnn _bT344f, 1960 |
||
| 240 | 1 | 0 |
_aJ´ai recontré le dieu vivant. _lEspañol. |
| 245 | 0 | 0 |
_aTestimonios de la fe : _brelatos de conversiones, / _ctraducción por Enrique Jarnés Bergua ; con dos estudios sobre la conversión por M. Nedoncelle y R. Girault. |
| 250 | _a2a ed. | ||
| 260 |
_aMadrid : _bRialp, _c1960. |
||
| 534 |
_pTítulo original en francés: _tJ´ai recontré le dieu vivant, _cParís : Revue des Jeunes, 1952. |
||
| 700 | 1 |
_aJarnés Bergua, Enrique, _etr. _941570 |
|
| 700 | 1 |
_aNedoncelle, M., _941571 |
|
| 700 | 1 |
_aGirault, R., _941572 |
|
| 049 | _aBNGR | ||
| 999 |
_c18857 _d18857 |
||